[Event "GER-chT DLM U20"]
[Site "Wismar"]
[Date "2009.10.03"]
[Round "6"]
[White "Knopf, Felix"]
[Black "Juenger, Theresa"]
[Result "1/2-1/2"]
[WhiteElo "1667"]
[BlackElo "1581"]
[PlyCount "112"]
[EventDate "2009.09.30"]
[EventType "team-swiss"]
[EventRounds "7"]
[EventCountry "GER"]
[SourceTitle "CBM 132 Extra"]
[Source "ChessBase"]
[SourceDate "2009.11.03"]
[SourceVersion "1"]
[SourceVersionDate "2009.11.03"]
[SourceQuality "1"]
[WhiteTeam "Sachsen Anhalt U20"]
[BlackTeam "Thueringen U20"]
[WhiteTeamCountry "GER"]
[BlackTeamCountry "GER"]

1. d4 d5 2. c4 e6 3. Nc3 Nf6 4. Nf3 Be7 5. Bg5 c6 6. cxd5 exd5 7. e3 Bf5 8. Bd3 Bxd3 9. Qxd3 0-0 10. 0-0 Nbd7 11. Rab1 a5 12. Qc2 Re8 13. a3 Rc8 14. b4 b5 15. Bxf6 Bxf6 16. a4 axb4 17. Rxb4 Be7 18. Rb2 bxa4 19. Nxa4 Bd6 20. Rb7 Rc7 21. Rfb1 Rxb7 22. Rxb7 Qc8 23. Rb1 Qc7 24. h3 Rb8 25. Rc1 Rc8 26. Nc3 Nf6 27. Qf5 Qd8 28. Ng5 h6 29. Nf3 Ba3 30. Rb1 Rb8 31. Ne5 Rxb1+ 32. Nxb1 Bd6 33. Nxc6 Qb6 34. Ne5 Bxe5 35. dxe5 Ne4 36. Qc8+ Kh7 37. Qc2 Qb4 38. Kf1 Qb5+ 39. Ke1 Qb4+ 40. Kd1 g6 41. f3 Ng5 42. Nd2 Qa3 43. Ke2 Qa1 44. f4 Ne6 45. Nb3 Qg1 46. Kd3 Qf1+ 47. Qe2 Qb1+ 48. Kc3 Qe4 49. Qd2 Qc4+ 50. Kb2 Qb5 51. g4 Nc5 52. Qc2 Nxb3 53. Qxb3 Qe2+ 54. Ka3 Qa6+ 55. Kb2 Qe2+ 56. Kc1 Qe1+ 1/2-1/2

[Event "GER-chT DLM U20"]
[Site "Wismar"]
[Date "2009.09.30"]
[Round "1"]
[White "Juenger, Theresa"]
[Black "Kaulich, Philipp Theodor"]
[Result "0-1"]
[WhiteElo "1581"]
[BlackElo "1862"]
[PlyCount "77"]
[EventDate "2009.09.30"]
[EventType "team-swiss"]
[EventRounds "7"]
[EventCountry "GER"]
[SourceTitle "CBM 132 Extra"]
[Source "ChessBase"]
[SourceDate "2009.11.03"]
[SourceVersion "1"]
[SourceVersionDate "2009.11.03"]
[SourceQuality "1"]
[WhiteTeam "Thueringen U20"]
[BlackTeam "Wuerttemberg U20"]
[WhiteTeamCountry "GER"]
[BlackTeamCountry "GER"]

1. d4 f5 2. e3 Nf6 3. b3 g6 4. Bb2 Bg7 5. Nf3 0-0 6. Be2 d6 7. 0-0 c6 8. c4 Qe8 9. Nc3 Bd7 10. Ne1 e5 11. Ba3 exd4 12. exd4 Qe6 13. Rc1 Re8 14. Bf3 Ne4 15. Bxe4 fxe4 16. Nc2 c5 17. Re1 Qf5 18. Ne3 Qg5 19. dxc5 dxc5 20. Qd5+ Qxd5 21. Ncxd5 Na6 22. Rcd1 Rad8 23. Nf1 Kf7 24. Bc1 Bg4 25. Rd2 b6 26. h3 Bc8 27. Rde2 Bb7 28. Bg5 Rd7 29. Rxe4 Rxe4 30. Rxe4 Bxd5 31. cxd5 h6 32. Bh4 g5 33. Bg3 Rxd5 34. Ne3 Rd4 35. Rxd4 cxd4 36. Nd1 Nb4 37. a4 Ke6 38. Kf1 Kd5 39. f3 0-1

[Event "GER-ch Schools U18 Girls"]
[Site "Germany"]
[Date "2009.05.18"]
[Round "7.2"]
[White "Stolcz, Bianca"]
[Black "Juenger, Theresa"]
[Result "1-0"]
[WhiteElo "1435"]
[BlackElo "1422"]
[PlyCount "88"]
[EventDate "2009.05.16"]
[EventType "team-swiss"]
[EventRounds "7"]
[EventCountry "GER"]
[SourceTitle "EXT 2011"]
[Source "ChessBase"]
[SourceDate "2010.11.26"]
[SourceVersion "1"]
[SourceVersionDate "2010.11.26"]
[SourceQuality "1"]
[WhiteTeam "Aschaffenburg FDG (W)"]
[BlackTeam "Arnstadt StG (W)"]
[WhiteTeamCountry "GER"]
[BlackTeamCountry "GER"]

1. e4 c5 2. Nf3 d6 3. d4 cxd4 4. Nxd4 Nf6 5. Nc3 a6 6. Be3 e6 7. Bd3 b5 8. a3 Bb7 9. 0-0 Nbd7 10. f4 Qc7 11. b4 Qxc3 12. Qf3 Nb6 13. Nxb5 axb5 14. Bxb6 Qc6 15. Bd4 Nxe4 16. Qe2 Nc3 17. Bxc3 Qxc3 18. Bxb5+ Bc6 19. Qd3 Qxd3 20. Bxc6+ Kd8 21. cxd3 Rb8 22. b5 d5 23. a4 Bc5+ 24. Kh1 Kc7 25. a5 Ba7 26. Rac1 Be3 27. Rc2 Kd6 28. a6 Rhc8 29. g4 Rxb5 30. Bxb5 Rxc2 31. f5 Rb2 32. fxe6 Kxe6 33. Bc6 Rf2 34. Re1 d4 35. a7 Ra2 36. a8Q Rxa8 37. Bxa8 Ke5 38. Be4 Kf4 39. Rf1+ Kxg4 40. Rxf7 g5 41. Bxh7 Kh5 42. h3 Kh4 43. Bf5 Kg3 44. Rg7 Kh4 1-0

[Event "GER-ch Schools U18 Girls"]
[Site "Germany"]
[Date "2009.05.17"]
[Round "4.2"]
[White "Peschos, Celine"]
[Black "Juenger, Theresa"]
[Result "0-1"]
[WhiteElo "981"]
[BlackElo "1422"]
[PlyCount "78"]
[EventDate "2009.05.16"]
[EventType "team-swiss"]
[EventRounds "7"]
[EventCountry "GER"]
[SourceTitle "EXT 2011"]
[Source "ChessBase"]
[SourceDate "2010.11.26"]
[SourceVersion "1"]
[SourceVersionDate "2010.11.26"]
[SourceQuality "1"]
[WhiteTeam "Magdeburg WvSG (W)"]
[BlackTeam "Arnstadt StG (W)"]
[WhiteTeamCountry "GER"]
[BlackTeamCountry "GER"]

1. e4 c5 2. Nf3 d6 3. d4 cxd4 4. Nxd4 Nf6 5. Nc3 a6 6. Bd3 e6 7. Be3 Qc7 8. f4 b5 9. a3 Bb7 10. Qd2 Nbd7 11. Nf3 Nc5 12. b3 Ncxe4 13. Nxe4 Bxe4 14. Bxe4 Nxe4 15. Qd3 Nf6 16. 0-0 Be7 17. h3 Rc8 18. Rac1 d5 19. a4 Bc5 20. Nd4 Qb7 21. c3 0-0 22. b4 Ba7 23. axb5 axb5 24. Nxb5 Bxe3+ 25. Qxe3 Qxb5 26. Kh2 Rc6 27. g4 Ne4 28. g5 Rxc3 29. Rxc3 Nxc3 30. Qc1 Qe2+ 31. Kg1 Qd3 32. Kg2 Ra8 33. h4 Ra2+ 34. Rf2 Rxf2+ 35. Kxf2 Qe2+ 36. Kg3 Ne4+ 37. Kh3 Qf3+ 38. Kh2 Qg3+ 39. Kh1 Nf2# 0-1

[Event "GER-ch Schools U18 Girls"]
[Site "Germany"]
[Date "2009.05.16"]
[Round "2.2"]
[White "Hueglin, Larissa"]
[Black "Juenger, Theresa"]
[Result "0-1"]
[WhiteElo "1135"]
[BlackElo "1422"]
[PlyCount "77"]
[EventDate "2009.05.16"]
[EventType "team-swiss"]
[EventRounds "7"]
[EventCountry "GER"]
[SourceTitle "EXT 2011"]
[Source "ChessBase"]
[SourceDate "2010.11.26"]
[SourceVersion "1"]
[SourceVersionDate "2010.11.26"]
[SourceQuality "1"]
[WhiteTeam "Kenzingen Gymn (W)"]
[BlackTeam "Arnstadt StG (W)"]
[WhiteTeamCountry "GER"]
[BlackTeamCountry "GER"]

1. e4 c5 2. Nf3 d6 3. Nc3 a6 4. d4 cxd4 5. Nxd4 Nf6 6. Bd3 e6 7. Bg5 Be7 8. Nf3 Qc7 9. 0-0 Nbd7 10. Re1 0-0 11. Nd2 b5 12. Qf3 Ne5 13. Qg3 Ng6 14. Be2 Bd7 15. Rad1 b4 16. Ncb1 Qxc2 17. Nc4 Nxe4 18. Bd3 Qxd1 19. Qe3 Bxg5 20. Rxd1 Bxe3 21. fxe3 Bc6 22. Bxe4 Bxe4 23. Nbd2 Bc6 24. Rc1 d5 25. Nd6 Rfd8 26. Nxf7 Kxf7 27. Nf3 h6 28. h4 Kf6 29. h5 Ne5 30. Nxe5 Kxe5 31. g4 Bb5 32. Kh2 Rac8 33. Rg1 Rc2+ 34. Kg3 Rxb2 35. Rg2 Rxg2+ 36. Kxg2 d4 37. exd4+ Rxd4 38. Kg3 Rd3+ 39. Kf2 0-1

[Event "GER-chT Lands U20"]
[Site "Dresden"]
[Date "2008.11.14"]
[Round "1.7"]
[White "Stahnecker, Ludwig"]
[Black "Juenger, Theresa"]
[Result "1-0"]
[WhiteElo "1783"]
[BlackElo "1537"]
[PlyCount "57"]
[EventDate "2008.11.14"]
[EventType "team-swiss"]
[EventRounds "7"]
[EventCountry "GER"]
[SourceTitle "EXT 2010"]
[Source "ChessBase"]
[SourceDate "2010.11.25"]
[SourceVersion "1"]
[SourceVersionDate "2010.11.25"]
[SourceQuality "1"]
[WhiteTeam "Rheinland Pfalz"]
[BlackTeam "Thueringen"]
[WhiteTeamCountry "GER"]
[BlackTeamCountry "GER"]

1. e4 c5 2. Nf3 d6 3. d4 cxd4 4. Nxd4 Nf6 5. Nc3 a6 6. f3 b5 7. Be3 Bb7 8. Qd2 e6 9. g4 Be7 10. 0-0-0 b4 11. Nce2 Qa5 12. Kb1 d5 13. e5 Nfd7 14. f4 Nc6 15. Nxc6 Bxc6 16. Nd4 Bb7 17. f5 Nxe5 18. fxe6 0-0 19. exf7+ Rxf7 20. Be2 Nc4 21. Qd3 Nxe3 22. Qxe3 Rc8 23. Rhf1 Rxf1 24. Rxf1 Qc7 25. Qe6+ Kh8 26. Bd3 Bf6 27. Qf5 Qxh2 28. Nf3 Qh3 29. g5 1-0

[Event "GER-chT U14 Girls"]
[Site "Stuttgart"]
[Date "2007.12.28"]
[Round "4.1"]
[White "Juenger, Theresa"]
[Black "Sonnhalter, Stella"]
[Result "1/2-1/2"]
[WhiteElo "1501"]
[BlackElo "1426"]
[PlyCount "75"]
[EventDate "2007.12.27"]
[EventType "team-swiss"]
[EventRounds "7"]
[EventCountry "GER"]
[SourceTitle "EXT 2009"]
[Source "ChessBase"]
[SourceDate "2008.11.26"]
[SourceVersion "1"]
[SourceVersionDate "2008.11.26"]
[SourceQuality "1"]
[WhiteTeam "Saalfeld U14 Girls"]
[BlackTeam "Heusweiler SC Reti U14 Girls"]
[WhiteTeamCountry "GER"]
[BlackTeamCountry "GER"]

1. d4 Nf6 2. e3 e6 3. Bd3 c5 4. c3 Nc6 5. f4 b6 6. Nf3 Bb7 7. 0-0 Qc7 8. Nbd2 cxd4 9. Nxd4 Be7 10. N2f3 0-0 11. Qe1 d6 12. Qg3 Nd7 13. Bd2 Nc5 14. Bc2 Bf6 15. Qh3 h6 16. g4 Nxd4 17. exd4 Ne4 18. g5 hxg5 19. Nxg5 Nxg5 20. fxg5 Bxd4+ 21. Be3 Bxe3+ 22. Qxe3 Qc5 23. Qxc5 bxc5 24. Rf4 Rad8 25. Rh4 Rfe8 26. Re1 d5 27. Re3 d4 28. Reh3 Kf8 29. Ba4 e5 30. Bxe8 Kxe8 31. Rh8+ Ke7 32. Rxd8 Kxd8 33. Kf2 Ke7 34. cxd4 cxd4 35. Ra3 a6 36. Ke2 Ke6 37. Kd3 Kf5 38. Ra5 1/2-1/2

[Event "GER-chT U14 Girls"]
[Site "Stuttgart"]
[Date "2007.12.27"]
[Round "2.1"]
[White "Juenger, Theresa"]
[Black "Boehmer, Hanna"]
[Result "1-0"]
[WhiteElo "1501"]
[BlackElo "1225"]
[PlyCount "69"]
[EventDate "2007.12.27"]
[EventType "team-swiss"]
[EventRounds "7"]
[EventCountry "GER"]
[SourceTitle "EXT 2009"]
[Source "ChessBase"]
[SourceDate "2008.11.26"]
[SourceVersion "1"]
[SourceVersionDate "2008.11.26"]
[SourceQuality "1"]
[WhiteTeam "Saalfeld U14 Girls"]
[BlackTeam "Endingen U14 Girls"]
[WhiteTeamCountry "GER"]
[BlackTeamCountry "GER"]

1. d4 d5 2. e3 Nf6 3. Bd3 Nc6 4. f4 e6 5. Nf3 Ne4 6. Nbd2 Nxd2 7. Bxd2 Be7 8. 0-0 0-0 9. Ne5 Nxe5 10. fxe5 f6 11. exf6 Bxf6 12. c3 e5 13. Qc2 Kf7 14. dxe5 Ke8 15. exf6 Rxf6 16. Rxf6 gxf6 17. Bxh7 Qe7 18. Rf1 Kd8 19. Qg6 c6 20. Rxf6 Bd7 21. Qf7 Qxf7 22. Rxf7 Kc7 23. Bf5 Rd8 24. Rxd7+ Rxd7 25. Bxd7 Kxd7 26. Kf2 Ke6 27. Kf3 Kf5 28. g4+ Ke5 29. h4 a6 30. h5 b5 31. Be1 c5 32. Bg3+ Ke6 33. g5 Kf5 34. g6 Kg5 35. g7 1-0

[Event "GER-chT U14 Girls"]
[Site "Stuttgart"]
[Date "2007.12.27"]
[Round "1.1"]
[White "Schmalhorst, Sophia"]
[Black "Juenger, Theresa"]
[Result "1/2-1/2"]
[WhiteElo "1312"]
[BlackElo "1501"]
[PlyCount "59"]
[EventDate "2007.12.27"]
[EventType "team-swiss"]
[EventRounds "7"]
[EventCountry "GER"]
[SourceTitle "EXT 2009"]
[Source "ChessBase"]
[SourceDate "2008.11.26"]
[SourceVersion "1"]
[SourceVersionDate "2008.11.26"]
[SourceQuality "1"]
[WhiteTeam "Rossdorf SC Ladja U14 Girls"]
[BlackTeam "Saalfeld U14 Girls"]
[WhiteTeamCountry "GER"]
[BlackTeamCountry "GER"]

1. e4 c5 2. Nf3 d6 3. d4 cxd4 4. Nxd4 Nf6 5. Nc3 e6 6. Be3 Be7 7. Be2 a6 8. 0-0 b5 9. a3 Bb7 10. f3 Nbd7 11. Qd2 Qc7 12. Rac1 Rc8 13. Bd3 Ne5 14. Be2 d5 15. exd5 Nxd5 16. Nxd5 Bxd5 17. Bf2 Nc4 18. Bxc4 Bxc4 19. Rfd1 Bd5 20. Ne2 Bd6 21. Bg3 Bxg3 22. Nxg3 0-0 23. Qf2 Qe5 24. Qd4 Qxd4+ 25. Rxd4 Rfd8 26. Rdd1 h6 27. Kf2 Kh7 28. Ne2 Ba8 29. Rxd8 Rxd8 30. Nc3 1/2-1/2

[Event "GER-chT U20 Girls"]
[Site "Torgelow"]
[Date "2006.12.28"]
[Round "3.4"]
[White "Schaefer, Emma"]
[Black "Juenger, Theresa"]
[Result "0-1"]
[WhiteElo "1084"]
[BlackElo "1226"]
[PlyCount "100"]
[EventDate "2006.12.27"]
[EventType "team-swiss"]
[EventRounds "7"]
[EventCountry "GER"]
[SourceTitle "EXT 2008"]
[Source "ChessBase"]
[SourceDate "2007.11.25"]
[SourceVersion "1"]
[SourceVersionDate "2007.11.25"]
[SourceQuality "1"]
[WhiteTeam "Porz SG U20 Girls"]
[BlackTeam "Stadtilm Blau Weiss U20 Girls"]
[WhiteTeamCountry "GER"]
[BlackTeamCountry "GER"]

1. Nc3 d5 2. e4 dxe4 3. Nxe4 Bf5 4. Ng3 Bg6 5. Nf3 Nd7 6. Bc4 e6 7. d4 Ngf6 8. Qe2 Be7 9. Be3 c5 10. Rd1 Qc7 11. 0-0 0-0 12. Nh4 Rac8 13. Nxg6 hxg6 14. dxc5 Bxc5 15. Bxc5 Nxc5 16. Rd2 a6 17. Rfd1 Na4 18. Bb3 Nxb2 19. Rb1 Nc4 20. Bxc4 Qxc4 21. Qxc4 Rxc4 22. Rxb7 Rfc8 23. Ra7 Rxc2 24. Rxc2 Rxc2 25. Rxa6 Rc1+ 26. Nf1 Ne4 27. Ra8+ Kh7 28. Rd8 Nc3 29. Rd2 Ra1 30. g4 Rxa2 31. Rd7 f5 32. g5 Ne4 33. f4 Rf2 34. Ng3 Rxf4 35. Rd3 Nxg3 36. Rxg3 Kg8 37. Rd3 Rg4+ 38. Rg3 Rxg3+ 39. hxg3 Kf7 40. Kf2 e5 41. Kf3 Ke6 42. Ke3 Kd5 43. Kd3 Kc5 44. Ke3 Kc4 45. Ke2 Kd4 46. Kd2 Ke4 47. Ke2 f4 48. gxf4 exf4 49. Kf1 Kf3 50. Ke1 Kg2 0-1

[Event "GER-chT U14 Girls"]
[Site "Dittrichshuette"]
[Date "2004.12.29"]
[Round "5.3"]
[White "Kroner, Sarah"]
[Black "Juenger, Theresa"]
[Result "1/2-1/2"]
[WhiteElo "826"]
[BlackElo "754"]
[PlyCount "32"]
[EventDate "2004.12.27"]
[EventType "team"]
[EventRounds "6"]
[EventCountry "GER"]
[SourceTitle "EXT 2006"]
[Source "ChessBase"]
[SourceDate "2005.11.24"]
[SourceVersion "1"]
[SourceVersionDate "2005.11.24"]
[SourceQuality "1"]

1. e4 d5 2. f3 dxe4 3. fxe4 Nf6 4. Nc3 e5 5. Nf3 Nc6 6. Bc4 Bg4 7. h3 Nxe4 8. Nxe4 Bxf3 9. Qxf3 Qe7 10. d3 Nd4 11. Qf2 0-0-0 12. c3 Ne6 13. Qc2 Nc5 14. Nxc5 Qh4+ 15. Kd1 Qxc4 16. d4 Bxc5 1/2-1/2

[Event "GER-chT U14 Girls"]
[Site "Dittrichshuette"]
[Date "2004.12.29"]
[Round "4.3"]
[White "Nolte, Christina"]
[Black "Juenger, Theresa"]
[Result "1/2-1/2"]
[WhiteElo "864"]
[BlackElo "754"]
[PlyCount "52"]
[EventDate "2004.12.27"]
[EventType "team"]
[EventRounds "6"]
[EventCountry "GER"]
[SourceTitle "EXT 2006"]
[Source "ChessBase"]
[SourceDate "2005.11.24"]
[SourceVersion "1"]
[SourceVersionDate "2005.11.24"]
[SourceQuality "1"]

1. e4 d5 2. exd5 Qxd5 3. Nc3 Qa5 4. d4 c6 5. Nf3 Bg4 6. Be2 Nd7 7. 0-0 e6 8. h3 Bh5 9. a3 Bd6 10. b4 Qc7 11. Bg5 Ngf6 12. Bxf6 Nxf6 13. Qd3 Qe7 14. Ne4 Nxe4 15. Qxe4 Bc7 16. Qd3 Qd6 17. g3 Bg6 18. Qd2 f6 19. Kg2 Be4 20. Rfe1 e5 21. c3 0-0-0 22. Red1 Rhe8 23. Kg1 Bb6 24. dxe5 Qxd2 25. Rxd2 fxe5 26. Rxd8+ Bxd8 1/2-1/2